000 00495cam a2200193ua 4500
020 _c125.00
041 _aeng
_h
082 _a624.18341
_bRAM/DE
100 _aRamamrutham, S.
245 _aDesign of reinforced concrete structures /
_cS Ramamrutham.
_hTextual Documents
250 _a11 /
_b.
260 _aDelhi :
_bDhanpath Rai and sons ,
_c1992.
300 _a1344 ; .
365 _a125.00
504 _a
700 1 _aNarayanan, R .
942 _cBK
999 _c11126
_d11126